Wszystkie pierwiastki chemiczne po symbolu - Statystyki

Ogólne statystyki
  • Ten quiz został rozwiązany 25 162 razy
  • Średni wynik to 55 z 118
Statystyki odpowiedzi
Symbol Nazwa % Poprawnych
H wodór
99%
He hel
95%
Li lit
95%
O tlen
93%
Be beryl
92%
Mg magnez
92%
C węgiel
92%
N azot
90%
S siarka
89%
K potas
88%
Cl chlor
87%
Na sód
85%
F fluor
84%
P fosfor
84%
Al glin
84%
Fe żelazo
84%
Br brom
83%
Ca wapń
82%
Zn cynk
81%
Si krzem
81%
B bor
79%
Cu miedź
78%
Ar argon
77%
Ne neon
77%
Ni nikiel
77%
Mn mangan
75%
Ag srebro
73%
Cr chrom
72%
Ga gal
71%
Au złoto
71%
Co kobalt
69%
Ti tytan
68%
Ba bar
67%
Se selen
66%
Pb ołów
65%
Ge german
64%
I jod
64%
Xe ksenon
64%
Hg rtęć
64%
Kr krypton
62%
As arsen
58%
Ra rad
57%
Rb rubid
57%
Sc skand
57%
V wanad
57%
Po polon
56%
U uran
54%
Sn cyna
52%
Sr stront
49%
Bi bizmut
48%
Cs cez
48%
Y itr
48%
Pt platyna
46%
Fr frans
44%
Nb niob
43%
In ind
42%
Pd pallad
42%
Eu europ
41%
Cd kadm
41%
La lantan
41%
Mo molibden
40%
Te tellur
40%
Np neptun
39%
Os osm
39%
W wolfram
39%
Am ameryk
37%
Zr cyrkon
36%
Ir iryd
35%
Pu pluton
35%
Tl tal
35%
Tc technet
34%
Sb antymon
33%
Ac aktyn
30%
Es einstein
30%
Ru ruten
30%
Re ren
28%
Rh rod
28%
Th tor
28%
Ce cer
27%
At astat
26%
Hf hafn
26%
No nobel
26%
Rn radon
24%
Ta tantal
24%
Og oganeson
22%
Md mendelew
21%
Nd neodym
21%
Ho holm
20%
Lu lutet
20%
Gd gadolin
19%
Cf kaliforn
19%
Cn kopernik
19%
Db dubn
18%
Er erb
18%
Hs has
18%
Yb iterb
18%
Lr lorens
18%
Pr prazeodym
18%
Mc moskow
17%
Rg roentgen
17%
Rf rutherford
17%
Bh bohr
16%
Dy dysproz
16%
Cm kiur
16%
Pm promet
16%
Tb terb
16%
Bk berkel
15%
Sm samar
15%
Sg seaborg
15%
Fm ferm
13%
Nh nihon
13%
Ts tenes
13%
Lv liwermor
12%
Ds darmsztadt
11%
Pa protaktyn
11%
Fl flerow
10%
Mt meitner
10%
Tm tul
10%
Nie znaleziono quizów pasujących do podanych kryteriów
Rozkład punktacji
Procent ludzi z każdym wynikiem
Percentyl według liczby udzielonych odpowiedzi
Twoja historia wyników
Nie rozwiązałeś tego quizu